| 000 | 00415cam a2200169ua 4500 | ||
|---|---|---|---|
| 020 | _c3.50 | ||
| 041 |
_amal _h |
||
| 082 |
_a894.812308 _bFAS/CI |
||
| 100 | _aFast, Horward . | ||
| 245 |
_aCitizen Tom Pain, Vol 1 / _cHorward Fast. _hTextual Documents |
||
| 260 |
_aTiruvalla : _bSouthern book stall , _c1960. |
||
| 300 | _a332 ; . | ||
| 365 | _a3.50 | ||
| 504 | _a | ||
| 942 | _cBK | ||
| 999 |
_c4246 _d4246 |
||